| 000 | 00721nam a2200193 a 4500 | ||
|---|---|---|---|
| 003 | 0 | ||
| 005 | 20250314110938.0 | ||
| 008 | 080923s19uu xx 00 eng d | ||
| 050 |
_aPHS LB 2350.5 _b.M694 2008 |
||
| 100 | _aMoeschler, Joyvilyn R. | ||
| 245 |
_aCollege preparedness of students from public and private schools / _cJoyvilyn R. Moeschler. |
||
| 260 |
_aLas PiƱas City, Philippines : _bSouthville International School and Colleges, _c2008. |
||
| 300 |
_aiii, 37 pages : _billustrations ; _c28 cm. |
||
| 504 | _aIncludes bibliographical references. | ||
| 650 | _aReadiness for college. | ||
| 650 |
_aEducational attainment _xComparative studies. |
||
| 650 | _aCollege student orientation. | ||
| 942 |
_2lcc _cPASS |
||
| 999 |
_c98114 _d98114 |
||